Gaming Quiz

Random Gaming or Nintendo Quiz

Zelda Dungeons Quiz Stats

Quiz Updated Jan 20, 2016

Challenge
Share
Tweet
Embed
Score 0/175 Timer 20:00
1 Play Today
Game Dungeon % Correct
Ocarina of TimeWater Temple
83.6%
Phantom HourglassTemple of Fire
81.7%
Ocarina of TimeFire Temple
81.3%
Spirit TracksFire Temple
81.3%
Tri Force HeroesWater Temple
81.1%
Tri Force HeroesFire Temple
78.8%
Ocarina of TimeForest Temple
78.3%
Twilight PrincessForest Temple
78.3%
Spirit TracksForest Temple
78.3%
Tri Force HeroesForest Temple
76.3%
Ocarina of TimeInside the Deku Tree
71.4%
Ocarina of TimeShadow Temple
71.2%
Ocarina of TimeSpirit Temple
68.5%
Breath of the WildHyrule Castle
67.9%
Ocarina of TimeInside Jabu-Jabu's Belly
67.8%
Oracle of AgesJabu-Jabu's Belly
64.2%
Ocarina of TimeDodongo's Cavern
62.8%
Ocarina of TimeGanon's Castle
60.6%
Four Swords AdventuresHyrule Castle
57.3%
A Link to the PastHyrule Castle
56.7%
Twilight PrincessHyrule Castle
56.7%
Skyward SwordEarth Temple
53.2%
Phantom HourglassTemple of Wind
52.4%
Twilight PrincessTemple of Time
51.5%
Wind WakerEarth Temple
51%
Legend of ZeldaDeath Mountain
50.8%
Wind WakerWind Temple
50.8%
A Link to the PastGanon's Tower
44.5%
Wind WakerGanon's Tower
44.4%
Twilight PrincessGoron Mines
42.2%
Majora's MaskGreat Bay Temple
42%
Majora's MaskStone Tower Temple
41.1%
Legend of ZeldaEagle Labyrinth
40.5%
Four SwordsDeath Mountain
39.9%
A Link Between WorldsTurtle Rock
39%
Twilight PrincessCity in the Sky
38.6%
Majora's MaskSnowhead Temple
38.2%
Twilight PrincessArbiter's Grounds
38.1%
Twilight PrincessLakebed Temple
37.6%
Phantom HourglassTemple of Ice
37.2%
Breath of the WildDivine Beast Vah Ruta
37.1%
A Link to the PastTurtle Rock
37%
Link's AwakeningTurtle Rock
37%
Legend of ZeldaSnake Labyrinth
37%
Legend of ZeldaMoon Labyrinth
36.8%
Majora's MaskWoodfall Temple
36.4%
Wind WakerTower of the Gods
36.3%
Legend of ZeldaManji Labyrinth
36.2%
Legend of ZeldaLion Labyrinth
36%
Legend of ZeldaDragon Labyrinth
35.9%
Tri Force HeroesIce Temple
35.5%
Wind WakerForsaken Fortress
34.9%
A Link Between WorldsTower of Hera
34.6%
Legend of ZeldaLizard Labyrinth
34.1%
Legend of ZeldaDemon Labyrinth
33.8%
Twilight PrincessSnowpeak Ruins
33.7%
Breath of the WildDivine Beast Vah Rudania
33.6%
Breath of the WildDivine Beast Vah Medoh
33.4%
Breath of the WildDivine Beast Vah Naboris
33.3%
Game Dungeon % Correct
Skyward SwordAncient Cistern
32.9%
Wind WakerDragon Roost Cavern
32.6%
Skyward SwordSkyview Temple
32.2%
A Link Between WorldsEastern Palace
32%
A Link Between WorldsDesert Palace
31.9%
Skyward SwordLanayru Mining Facility
31.6%
A Link to the PastTower of Hera
31.3%
Twilight PrincessPalace of Twilight
31.2%
Skyward SwordSandship
31%
A Link to the PastEastern Palace
30.6%
Wind WakerForbidden Woods
30.2%
A Link Between WorldsSwamp Palace
30.2%
A Link to the PastDesert Palace
29.4%
Spirit TracksSand Temple
28.9%
A Link to the PastPalace of Darkness
27.3%
A Link to the PastSkull Woods
27.2%
A Link to the PastIce Palace
27.1%
A Link Between WorldsSkull Woods
27%
A Link to the PastSwamp Palace
26.9%
Skyward SwordFire Sanctuary
26.2%
A Link to the PastMisery Mire
25.3%
A Link Between WorldsThieves' Hideout
23.6%
Phantom HourglassTemple of the Ocean King
23.5%
Spirit TracksOcean Temple
23.4%
A Link Between WorldsLorule Castle
22.8%
Spirit TracksSnow Temple
22.7%
A Link to the PastThieves' Town
22.5%
Skyward SwordSky Keep
22.4%
Link's AwakeningEagle's Tower
22.2%
A Link Between WorldsDark Palace
22.2%
Link's AwakeningBottle Grotto
22%
Zelda II: The Adventure of LinkThe Great Palace
21.9%
Link's AwakeningTail Cave
21.6%
Link's AwakeningWind Fish's Egg
21.5%
Minish CapTemple of Droplets
21.4%
Minish CapPalace of Winds
21.1%
Tri Force HeroesDesert Temple
20.8%
Zelda II: The Adventure of LinkParapa Palace
20.4%
Four Swords AdventuresPalace of Winds
20.3%
Spirit TracksTower of Spirits
20.2%
Minish CapDark Hyrule Castle
19.5%
Link's AwakeningCatfish's Maw
19.4%
Phantom HourglassGhost Ship
19.4%
Link's AwakeningFace Shrine
18.6%
Phantom HourglassGoron Temple
18%
Tri Force HeroesSky Temple
17.5%
Link's AwakeningKey Cavern
17.4%
Oracle of SeasonsGnarled Root Dungeon
17.3%
Link's AwakeningAngler's Tunnel
17.2%
Minish CapDeepwood Shrine
17.1%
Phantom HourglassTemple of Courage
17%
Zelda II: The Adventure of LinkIsland Palace
16.4%
Oracle of AgesMermaid's Cave
16.4%
Oracle of SeasonsOnox's Castle
15.9%
Oracle of SeasonsSword and Shield Maze
15.8%
Zelda II: The Adventure of LinkMaze Island Palace
15.7%
Zelda II: The Adventure of LinkHidden Palace
15.4%
Oracle of AgesThe Black Tower
15.3%
A Link Between WorldsHouse of Gales
15.2%
Game Dungeon % Correct
Oracle of SeasonsDancing Dragon Dungeon
15.1%
Zelda II: The Adventure of LinkMidoro Palace
15%
A Link Between WorldsIce Ruins
14.9%
Minish CapFortress of Winds
14.3%
Zelda II: The Adventure of LinkOcean Palace
14.1%
Phantom HourglassMutoh's Temple
14.1%
Minish CapCave of Flames
13.9%
Oracle of SeasonsPoison Moth's Lair
13.1%
Oracle of SeasonsSnake's Remains
12.9%
Oracle of AgesSkull Dungeon
12.8%
Oracle of SeasonsUnicorn's Cave
12.5%
Oracle of SeasonsAncient Ruins
12.4%
Oracle of AgesAncient Tomb
12.2%
Four Swords AdventuresPyramid
12.2%
Oracle of SeasonsExplorer's Crypt
12.1%
Oracle of AgesMoonlit Grotto
11.4%
Oracle of AgesCrown Dungeon
11.4%
Oracle of AgesSpirit's Grave
11.3%
Oracle of AgesWing Dungeon
10.8%
A Link to the PastSewer Passageway
9.8%
Four Swords AdventuresEastern Temple
9.6%
Oracle of SeasonsRoom of Rites
9.4%
Oracle of AgesRoom of Rites
9.4%
A Link Between WorldsInside Hyrule Castle
9.3%
Four SwordsSea of Trees
9.2%
Four Swords AdventuresTower of Winds
9%
Four Swords AdventuresTemple of Darkness
9%
Four SwordsTalus Cave
7.9%
Tri Force HeroesDeku Forest
7.7%
Four Swords AdventuresTower of Flames
7.5%
Tri Force HeroesThe Lady's Lair
6.3%
Four SwordsChambers of Insight
6%
Four Swords AdventuresInfiltration of Hyrule Castle
5.9%
Tri Force HeroesBuzz Blob Cave
5.7%
Tri Force HeroesMoblin Base
5.6%
Tri Force HeroesTraining Ground
5.4%
Tri Force HeroesHinox Mine
5.4%
Tri Force HeroesGrim Temple
5.3%
Tri Force HeroesAbyss of Agony
4.8%
Tri Force HeroesBomb Storage
4.6%
Tri Force HeroesCove of Transition
4.4%
Tri Force HeroesSecret Fortress
4.3%
Tri Force HeroesIllusory Mansion
4.3%
Tri Force HeroesBlazing Trail
4.3%
Tri Force HeroesGibdo Mausoleum
4.3%
Tri Force HeroesDen of Flames
4.3%
Tri Force HeroesSnowball Ravine
4.3%
Tri Force HeroesSilver Shrine
4.3%
Tri Force HeroesDragon Citadel
4.2%
Tri Force HeroesPalace Noir
4.1%
Tri Force HeroesFrozen Plateau
4%
Tri Force HeroesStone Corridors
4%
Tri Force HeroesInfinity Dunes
4%
Tri Force HeroesSealed Gateway
3.8%
Tri Force HeroesLone Labyrinth
3.8%
Tri Force HeroesFloating Garden
3.8%
Tri Force HeroesDeception Castle
3.5%

You're not logged in!

Compare scores with friends on all Sporcle quizzes.
Join for Free
OR
Log In

You Might Also Like...

Show Comments

Extras

Top Quizzes Today


Score Distribution

Your Account Isn't Verified!

In order to create a playlist on Sporcle, you need to verify the email address you used during registration. Go to your Sporcle Settings to finish the process.

Report this User

Report this user for behavior that violates our Community Guidelines.

Details: